[Event "Moscow-ch final"]
[Site "Moscow"]
[Date "2019.03.30"]
[Round "1"]
[White "Paldyaev, Vladislav"]
[Black "Makarenko, Aleksandr"]
[Result "1-0"]
[WhiteElo "1756"]
[BlackElo "2215"]
[PlyCount "131"]
[EventDate "2019.03.30"]
[EventType "swiss"]
[EventRounds "9"]
[EventCountry "RUS"]
[SourceTitle "CBM 189 Extra"]
[Source "ChessBase"]
[SourceDate "2019.05.31"]
[SourceVersion "1"]
[SourceVersionDate "2019.05.31"]
[SourceQuality "1"]

1. d4 Nf6 2. Nf3 g6 3. c4 Bg7 4. Nc3 d6 5. e4 0-0 6. h3 c6 7. Be3 a6 8. Be2 b5 9. a3 bxc4 10. Bxc4 d5 11. exd5 cxd5 12. Bd3 Nc6 13. 0-0 Bd7 14. b4 a5 15. b5 Na7 16. Rb1 Nc8 17. Na4 Nd6 18. Ne5 Rb8 19. Qe2 Nfe4 20. Rfc1 Qe8 21. Nxd7 Qxd7 22. Nc5 Qd8 23. a4 Re8 24. Bxe4 dxe4 25. Nb3 Nf5 26. Qd2 Qd7 27. Rc4 Ra8 28. Rbc1 Qd5 29. Nxa5 Nxe3 30. fxe3 Bh6 31. Nc6 e5 32. Qc3 exd4 33. Rxd4 Qg5 34. Re1 Bg7 35. Qb4 Bxd4 36. Qxd4 Re6 37. Kh1 Rae8 38. Qb4 Rf6 39. Qd2 Qg3 40. Rg1 Ree6 41. Qd8+ Kg7 42. Qd4 Kh6 43. Qc5 Rf2 44. Qf8+ Kh5 45. Qg7 h6 46. Qd4 f5 47. Qc3 Rd6 48. Nd4 Kh4 49. Qc5 Rd7 50. b6 Rb2 51. a5 f4 52. Qe5 Rf7 53. Qxe4 Rf6 54. Nf3+ Kh5 55. Qe5+ Rf5 56. Qxb2 fxe3 57. Qe2 Rf4 58. Qxe3 Rf5 59. Qe2 Rxa5 60. Ne5+ Kh4 61. Nxg6+ Qxg6 62. Qe1+ Qg3 63. Qxa5 h5 64. Qe1 Kg5 65. Qxg3+ Kh6 66. Re1 1-0

[Event "RSSU-18 op"]
[Site "Moscow"]
[Date "2009.10.18"]
[Round "2"]
[White "Goroshilov, Vladislav"]
[Black "Paldyaev, Vladislav"]
[Result "1-0"]
[WhiteElo "2107"]
[BlackElo "1916"]
[PlyCount "129"]
[EventDate "2009.10.17"]
[EventType "swiss"]
[EventRounds "9"]
[EventCountry "RUS"]
[SourceTitle "EXT 2022"]
[Source "ChessBase"]
[SourceDate "2021.10.06"]
[SourceVersion "1"]
[SourceVersionDate "2021.10.06"]
[SourceQuality "1"]

1. d4 d5 2. c4 c6 3. Nf3 Bf5 4. Nc3 Nf6 5. Qb3 b6 6. Bg5 e6 7. cxd5 exd5 8. Ne5 Be7 9. f3 0-0 10. g4 Be6 11. e3 Nfd7 12. Nxd7 Qxd7 13. h4 Re8 14. 0-0-0 b5 15. Bd3 a5 16. Qc2 h6 17. Bxe7 Rxe7 18. h5 Na6 19. Qd2 f6 20. Bb1 Rc8 21. Qd3 c5 22. Qh7+ Kf8 23. Qh8+ Bg8 24. Bh7 Kf7 25. Bf5 Re6 26. e4 Nb4 27. a3 cxd4 28. Rxd4 Na2+ 29. Kd2 Nxc3 30. bxc3 Qc7 31. Rxd5 Qxc3+ 32. Ke2 Qc2+ 33. Rd2 Qc7 34. Rf1 b4 35. axb4 axb4 36. f4 Qc4+ 37. Kf2 Qc7 38. Kg2 Rd8 39. Rxd8 Qxd8 40. Bxe6+ Kxe6 41. Qxg7 Bf7 42. e5 Qd5+ 43. Kh2 b3 44. Qxf6+ Kd7 45. Rf2 Kc7 46. Qe7+ Kc6 47. Qb4 Qd8 48. Qc3+ Kb5 49. Kg3 Qd1 50. e6 Bxe6 51. Qe5+ Bd5 52. Qe2+ Qxe2 53. Rxe2 Kc4 54. g5 Kd3 55. Re5 Bc4 56. gxh6 b2 57. Re1 Bg8 58. Kg4 Bh7 59. f5 Kc2 60. Kg5 Kd2 61. Rb1 Kc2 62. Rxb2+ Kxb2 63. f6 Bg8 64. h7 Bxh7 65. f7 1-0

[Event "Moscow op-B"]
[Site "Moscow"]
[Date "2009.02.04"]
[Round "5"]
[White "Paldyaev, Vladislav"]
[Black "Konovalov, Viatcheslav"]
[Result "0-1"]
[WhiteElo "1853"]
[BlackElo "2086"]
[PlyCount "70"]
[EventDate "2009.01.31"]
[EventType "swiss"]
[EventRounds "9"]
[EventCountry "RUS"]
[SourceTitle "EXT 2012"]
[Source "ChessBase"]
[SourceDate "2011.11.24"]
[SourceVersion "1"]
[SourceVersionDate "2011.11.24"]
[SourceQuality "1"]

1. e4 e5 2. Nf3 Nc6 3. Bc4 Bc5 4. c3 Qe7 5. 0-0 d6 6. d4 Bb6 7. a4 a6 8. a5 Nxa5 9. Rxa5 Bxa5 10. Qa4+ b5 11. Qxa5 bxc4 12. Qa4+ Bd7 13. Qa5 Nf6 14. Bg5 0-0 15. Qxc7 Rfc8 16. Bxf6 gxf6 17. Qa5 Kh8 18. Nfd2 f5 19. f3 Bb5 20. Rf2 f4 21. Na3 exd4 22. cxd4 Qa7 23. Qc3 Qe7 24. Ndb1 d5 25. e5 Bd7 26. Qd2 Qg5 27. Nc3 Be6 28. Ne2 Rab8 29. Nb1 Rb3 30. Nec3 Rcb8 31. Nd1 Rd3 32. Qc1 Rg8 33. Kf1 Qh6 34. h3 Qg5 35. Ndc3 Qh6 0-1

[Event "Moscow op-B"]
[Site "Moscow"]
[Date "2009.02.03"]
[Round "4"]
[White "Glazkov, Arseny"]
[Black "Paldyaev, Vladislav"]
[Result "1/2-1/2"]
[WhiteElo "2055"]
[BlackElo "1853"]
[PlyCount "58"]
[EventDate "2009.01.31"]
[EventType "swiss"]
[EventRounds "9"]
[EventCountry "RUS"]
[SourceTitle "EXT 2012"]
[Source "ChessBase"]
[SourceDate "2011.11.24"]
[SourceVersion "1"]
[SourceVersionDate "2011.11.24"]
[SourceQuality "1"]

1. e4 c5 2. Nf3 d6 3. d4 cxd4 4. Nxd4 Nf6 5. f3 a6 6. c4 g6 7. Nc3 Bg7 8. Be3 0-0 9. Be2 Bd7 10. 0-0 Nc6 11. Qd2 Rc8 12. Rac1 Re8 13. Rfd1 Rf8 14. Bf1 Ne8 15. Nd5 Ne5 16. Qb4 Rb8 17. b3 Nc6 18. Qd2 Nxd4 19. Bxd4 Bxd4+ 20. Qxd4 e6 21. Nb6 Bc6 22. b4 Qg5 23. a4 Rd8 24. b5 axb5 25. axb5 Bd7 26. g3 e5 27. Qd2 Qh5 28. Be2 Qh3 29. Bf1 Be6 1/2-1/2

[Event "Moscow op-B"]
[Site "Moscow"]
[Date "2009.02.01"]
[Round "2"]
[White "Sedenko, Anatoly Ivanovich"]
[Black "Paldyaev, Vladislav"]
[Result "1-0"]
[WhiteElo "2073"]
[BlackElo "1853"]
[PlyCount "97"]
[EventDate "2009.01.31"]
[EventType "swiss"]
[EventRounds "9"]
[EventCountry "RUS"]
[SourceTitle "EXT 2012"]
[Source "ChessBase"]
[SourceDate "2011.11.24"]
[SourceVersion "1"]
[SourceVersionDate "2011.11.24"]
[SourceQuality "1"]

1. Nf3 c5 2. c4 Nc6 3. d4 cxd4 4. Nxd4 e5 5. Nxc6 bxc6 6. g3 Bc5 7. Bg2 Qb6 8. 0-0 Nf6 9. Nc3 Qc7 10. Bg5 Rb8 11. Bxf6 gxf6 12. e3 Be7 13. b3 h5 14. h4 d6 15. Qf3 Bb7 16. Rfd1 c5 17. Nd5 Bxd5 18. Qxd5 Qd7 19. Kh2 Qf5 20. Rd2 Rg8 21. Bh3 Qg6 22. e4 f5 23. exf5 Qf6 24. Re1 Rd8 25. Rde2 Qg7 26. Qe4 f6 27. Qf3 Rh8 28. Rd1 Qf7 29. Red2 Rh7 30. Qe2 Qg8 31. Qe4 Qf8 32. Qb7 a5 33. Bg2 Kf7 34. Rxd6 Rxd6 35. Rxd6 Kg8 36. Bd5+ Kh8 37. Ra6 Bd8 38. Qc6 Rc7 39. Qe6 Be7 40. Rxa5 Kg7 41. Ra8 Bd8 42. a4 Re7 43. Qd6 Re8 44. Qd7+ Kh6 45. Be6 Re7 46. Qxd8 Qg7 47. Qh8+ Qxh8 48. Rxh8+ Kg7 49. Ra8 1-0

[Event "Zvenigorod Autumn op-B"]
[Site "Zvenigorod"]
[Date "2008.09.30"]
[Round "9"]
[White "Tkachuk, Andrey"]
[Black "Paldyaev, Vladislav"]
[Result "1-0"]
[WhiteElo "2119"]
[BlackElo "1877"]
[PlyCount "75"]
[EventDate "2008.09.25"]
[EventType "swiss"]
[EventRounds "9"]
[EventCountry "RUS"]
[SourceTitle "EXT 2022"]
[Source "ChessBase"]
[SourceDate "2021.10.06"]
[SourceVersion "1"]
[SourceVersionDate "2021.10.06"]
[SourceQuality "1"]

1. e4 c5 2. Nf3 d6 3. d4 cxd4 4. Nxd4 Nf6 5. Nc3 Nc6 6. Bc4 Bd7 7. Be3 a6 8. f3 Rc8 9. Bb3 b5 10. g4 g6 11. Qd2 Bg7 12. Nxc6 Bxc6 13. Bh6 0-0 14. Bxg7 Kxg7 15. h4 h5 16. 0-0-0 a5 17. Qg5 a4 18. Bd5 b4 19. Ne2 Bxd5 20. exd5 b3 21. axb3 axb3 22. c3 Qa5 23. gxh5 Qa1+ 24. Kd2 Qxb2+ 25. Ke1 Nxh5 26. Rg1 Rh8 27. Rd2 Qa3 28. Qxe7 Rh6 29. Kf2 Qc5+ 30. Qe3 Qb5 31. Nd4 Qxd5 32. Rg5 b2 33. Rxb2 Qa8 34. Nf5+ Kf8 35. Qe7+ Kg8 36. Nxh6+ Kh8 37. Nxf7+ Kh7 38. Rxh5+ 1-0

[Event "Zvenigorod Autumn op-B"]
[Site "Zvenigorod"]
[Date "2008.09.27"]
[Round "5"]
[White "Kuryshkin, Anatoliy"]
[Black "Paldyaev, Vladislav"]
[Result "1-0"]
[WhiteElo "1994"]
[BlackElo "1877"]
[PlyCount "63"]
[EventDate "2008.09.25"]
[EventType "swiss"]
[EventRounds "9"]
[EventCountry "RUS"]
[SourceTitle "EXT 2022"]
[Source "ChessBase"]
[SourceDate "2021.10.06"]
[SourceVersion "1"]
[SourceVersionDate "2021.10.06"]
[SourceQuality "1"]

1. e4 c5 2. Nf3 Nc6 3. d4 cxd4 4. Nxd4 g6 5. Nc3 Bg7 6. Be3 Nf6 7. Be2 0-0 8. Nb3 d6 9. Qd2 Ng4 10. Bxg4 Bxg4 11. f3 Be6 12. Bh6 Bxh6 13. Qxh6 Nb4 14. 0-0-0 a5 15. Kb1 Nxa2 16. Nxa2 a4 17. Nd4 Bc4 18. h4 e5 19. h5 Bxa2+ 20. Kxa2 Qd7 21. Nb5 Ra6 22. Nc3 Rc8 23. Nd5 Kh8 24. Kb1 Qe6 25. hxg6 Qxg6 26. Qh3 Rd8 27. Qh4 Rb8 28. Ne7 Qg7 29. Nf5 Qg6 30. Qe7 b5 31. Rh6 Qxg2 32. Qxf7 1-0

[Event "Zvenigorod Autumn op-B"]
[Site "Zvenigorod"]
[Date "2008.09.27"]
[Round "4"]
[White "Paldyaev, Vladislav"]
[Black "Kalmykova, Anastasia"]
[Result "0-1"]
[WhiteElo "1877"]
[BlackElo "2093"]
[PlyCount "156"]
[EventDate "2008.09.25"]
[EventType "swiss"]
[EventRounds "9"]
[EventCountry "RUS"]
[SourceTitle "EXT 2022"]
[Source "ChessBase"]
[SourceDate "2021.10.06"]
[SourceVersion "1"]
[SourceVersionDate "2021.10.06"]
[SourceQuality "1"]

1. e4 c5 2. Nf3 d6 3. d4 cxd4 4. Nxd4 Nf6 5. f3 a6 6. Bc4 e6 7. Bd3 e5 8. Nb3 Be6 9. c4 Qc7 10. Qe2 Nc6 11. Bg5 Rc8 12. Nc3 Nb4 13. Nd5 Nxd3+ 14. Qxd3 Qxc4 15. Qxc4 Rxc4 16. Bxf6 gxf6 17. Nxf6+ Ke7 18. Nd5+ Bxd5 19. exd5 Bh6 20. Rb1 Rc2 21. g3 Rhc8 22. 0-0 b6 23. Rfe1 Kd7 24. a3 a5 25. Re4 Bg5 26. h4 Bh6 27. g4 Bf4 28. Na1 Rd2 29. a4 Rxd5 30. b4 Rd3 31. bxa5 bxa5 32. Kg2 Rd2+ 33. Kg1 Rc3 34. Nb3 Rdd3 35. Nxa5 Rxf3 36. Nc4 Rg3+ 37. Kf1 Rb3 38. Rd1 Rgd3 39. Ra1 Kc7 40. a5 d5 41. a6 Kb8 42. Rxf4 exf4 43. Ne5 Ra3 44. Rb1+ Rdb3 45. Rd1 Rxa6 46. Nxf7 Rf3+ 47. Ke2 Re3+ 48. Kf1 Re7 49. Ng5 h6 50. Nf3 Re3 51. Nd4 Rg6 52. Nf5 Re5 53. Nd4 Kc8 54. g5 hxg5 55. Nf3 Rf5 56. hxg5 Rb6 57. Rd3 Rb2 58. Ra3 Kc7 59. Ra7+ Kd6 60. Rh7 Rf8 61. Rh6+ Kc5 62. g6 Ra8 63. g7 Rg8 64. Ng5 Kc4 65. Ne6 Rb6 66. Rh8 Rbb8 67. Rh6 d4 68. Rh4 Rbe8 69. Rh6 d3 70. Ke1 Rxg7 71. Kf2 Rf7 72. Ng5 Re2+ 73. Kf3 Re3+ 74. Kf2 Rf5 75. Ne6 d2 76. Nxf4 Rxf4+ 77. Kxe3 d1Q 78. Rc6+ Kb5 0-1

[Event "Moscow Victory Day op"]
[Site "Moscow"]
[Date "2008.05.02"]
[Round "3"]
[White "Paldyaev, Vladislav"]
[Black "Drozdova, Dina"]
[Result "0-1"]
[WhiteElo "2011"]
[BlackElo "2130"]
[PlyCount "54"]
[EventDate "2008.04.30"]
[EventType "swiss"]
[EventRounds "9"]
[EventCountry "RUS"]
[SourceTitle "EXT 2022"]
[Source "ChessBase"]
[SourceDate "2021.10.06"]
[SourceVersion "1"]
[SourceVersionDate "2021.10.06"]
[SourceQuality "1"]

1. d4 Nf6 2. c4 c5 3. d5 e5 4. Nc3 d6 5. e4 Be7 6. Bd3 0-0 7. h3 a6 8. Nge2 Ne8 9. g4 Bg5 10. Bd2 g6 11. Qc1 Bxd2+ 12. Qxd2 Qh4 13. Ng3 Ng7 14. 0-0-0 f5 15. exf5 gxf5 16. gxf5 Nxf5 17. Nge4 Kh8 18. Rdg1 Nd4 19. Qg5 Qxg5+ 20. Rxg5 Bf5 21. Rg3 Bxe4 22. Nxe4 Nf5 23. Rf3 Nd7 24. Rg1 b5 25. b3 bxc4 26. bxc4 Nd4 27. Rgg3 Rxf3 0-1

[Event "Moscow op"]
[Site "Moscow"]
[Date "2008.05.01"]
[Round "2"]
[White "Antipov, Mikhail Al"]
[Black "Paldyaev, Vladislav"]
[Result "1-0"]
[WhiteElo "1887"]
[BlackElo "2011"]
[PlyCount "95"]
[EventDate "2008.04.30"]
[EventType "swiss"]
[EventRounds "9"]
[EventCountry "RUS"]
[SourceTitle "CBM 124 Extra"]
[Source "ChessBase"]
[SourceDate "2008.07.03"]
[SourceVersion "1"]
[SourceVersionDate "2008.07.03"]
[SourceQuality "1"]

1. e4 e5 2. Bc4 Qg5 3. Nf3 Qf6 4. Nc3 c6 5. 0-0 h6 6. d4 d6 7. h3 g5 8. dxe5 dxe5 9. Nh2 h5 10. h4 gxh4 11. f4 Qe7 12. Qe2 Be6 13. Bxe6 Qxe6 14. fxe5 Nd7 15. Nf3 Be7 16. Be3 Nh6 17. Nd4 Qxe5 18. Rad1 Bc5 19. Kh1 Ng4 20. Bf4 Qg7 21. Nf5 Qg6 22. Bd6 Bb6 23. Na4 Nge5 24. Nxb6 axb6 25. Qf2 Rg8 26. Ne7 Ng4 27. Qf4 Qg7 28. Nxg8 Qxg8 29. Bc7 Nc5 30. Qd6 Qg6 31. Qxg6 fxg6 32. Bxb6 Nd7 33. Bg1 Rxa2 34. Rd6 Nde5 35. Bc5 Rxb2 36. Re6+ Kd8 37. Rd1+ Nd7 38. Re7 Ngf6 39. Re6 Kc8 40. Bd4 Ng4 41. e5 Rxc2 42. Re8+ Kc7 43. e6 Ndf6 44. Re7+ Kc8 45. Re1 Nf2+ 46. Bxf2 Rxf2 47. Rf7 Ng4 48. e7 1-0